| 000 | 00842 a2200229 4500 | ||
|---|---|---|---|
| 010 | _aTML-30350 | ||
| 020 |
_a8123410989 _c55.00 |
||
| 035 | _aTM-28586 | ||
| 037 | _bD.B.Act / pub / | ||
| 082 | _a330.95482 | ||
| 090 |
_c1232 _d1232 |
||
| 100 | _aபேரின்பன், தேவ. | ||
| 245 |
_a தமிழகத்தின் பொருளாதார வரலாறு _cby தேவ. பேரின்பன |
||
| 246 |
_aTamizhakathin porulathara varalaru _bby Deva. Perinpan |
||
| 250 | _a1st ed | ||
| 260 |
_aChennai _bNew Century Book House _c2006 |
||
| 270 |
_a41b, Sidco Indusrial estate , Ambattur _bChennai _e600098 |
||
| 300 |
_axvi, 126p _c22cm |
||
| 650 | _aEconomic conditions | ||
| 942 |
_cTM _k330.95482 / PER |
||
| 999 |
_c1223 _d1223 |
||